000 01304cam a2200241 4500
001 ABS63417
008 000000n2001 000 0 eng u
035 _a(Sirsi) u110692
100 _aWood, T.
245 _aExtra ammo for clients
260 _c2001
490 _aBuilding
_v266(8165) 19 January 2001, 61(1)
520 _aNotes that the Housing Grants, Construction and Regeneration Act 1996 s104(2) defines a construction contract as any agreement to do architectural design or surveying work or even to give advice on building, engineering, interior or exterior decoration in relation to construction and that consequently clients can bring adjudication proceedings against the design team. Concludes that forms of appointment and conditions of engagement should allow for adjudication and that members of the design team should ensure that they have adequate professional indemnity insurance cover.
590 _aABS
650 _aMANAGEMENT-DISPUTE AVOIDANCE, MANAGEMENT AND RESOLUTION-DISPUTE MANAGEMENT AND RESOLUTION-ALTERNATIVE DISPUTE RESOLUTION-ADJUDICATION
650 _aCLIENTS
650 _aCONDITIONS OF ENGAGEMENT
650 _aEMPLOYERS
650 _aFORM OF AGREEMENT
650 _aPROFESSIONAL INDEMNITY INSURANCE
690 _aDispute resolution
_96236
942 _n0
999 _c65965
_d65965